Rein Me in - Sam Fender and Olivia Dean (full lyrics) - Statistics

General Stats
  • This quiz has been taken 135 times
  • The average score is 270 of 341
Answer Stats
Answer % Correct
I
100%
a
97%
my
97%
you
97%
don't
96%
Don't
96%
me
96%
of
96%
rein
96%
in
94%
please
94%
Please
94%
the
93%
go
91%
to
91%
memories
90%
It
89%
it
89%
so
89%
So
89%
ever
87%
up
87%
all
86%
All
86%
Every
86%
let
86%
like
86%
be
84%
it's
84%
love
84%
Love
84%
nice
84%
now
84%
see
84%
stop
84%
We
84%
we
84%
working
84%
If
83%
just
83%
warm
83%
but
81%
myself
81%
Oh
80%
everything
79%
I'm
79%
ring
79%
And
77%
and
77%
give
77%
pain
77%
too
77%
way
77%
well
77%
hand
76%
out
76%
scared
76%
bliss
74%
chest
74%
couldn't
74%
easiest
74%
for
74%
inside
74%
tinnitus
74%
were
74%
doing
73%
heart
73%
held
73%
man
73%
proud
73%
reach
73%
that
73%
your
73%
afraid
71%
Took
71%
deserved
70%
had
70%
on
70%
tears
70%
Cause
69%
keep
69%
tenderness
69%
walking
69%
what
69%
safe
67%
alone
66%
home
66%
nothing
66%
brave
64%
come
64%
exile
64%
God
64%
was
64%
You're
64%
By
63%
run
63%
take
63%
can
61%
from
61%
here
61%
nowhere
61%
when
61%
away
60%
whatever
60%
I've
59%
this
59%
town
57%
'round
56%
There's
56%
wish
56%
young
54%
bars
53%
fucked
53%
get
53%
how
53%
knew
53%
reason
53%
shouted
53%
back
51%
much
51%
suppose
51%
ghosts
50%
Telling
50%
these
50%
carcasses
49%
Gunner
49%
our
49%
serve
49%
things
49%
everybody
47%
flagstone
47%
numb
47%
gone
46%
owed
44%
seemed
43%
prints
40%
bears
39%
has
39%
chewing
37%
down
36%
Mmm
33%
Slow
33%
off
31%
churlish
30%
stood
30%
lugs
29%
everybody's
13%
No matching quizzes found
Score Distribution
Percent of People with Each Score
Percentile by Number Answered
Your Score History
You have not taken this quiz